[Event "Senta op 19th"]
[Site "Senta"]
[Date "2015.07.17"]
[Round "8"]
[White "Nestorovic, Dejan"]
[Black "Atalik, Suat"]
[Result "1/2-1/2"]
[WhiteElo "2408"]
[BlackElo "2564"]
[Annotator "Atalik,S"]
[PlyCount "52"]
[EventDate "2015.07.11"]
[EventType "swiss"]
[EventRounds "9"]
[EventCountry "SRB"]
[SourceTitle "EXT 2016"]
[Source "ChessBase"]
[SourceDate "2015.10.08"]
[SourceVersion "1"]
[SourceVersionDate "2015.10.08"]
[SourceQuality "1"]

1. d4 e6 2. c4 b6 3. a3 Bb7 4. Nc3 Nf6 $5 {I wanted to play in the spirit of a
real QID.} ({Just like in the game with Lajthajm from Srebrno Jezero I did not
want to push} 4... f5 5. d5 Nf6 6. g3 Na6 7. Bg2 Nc5 8. Nh3 Bd6 9. O-O O-O 10.
Qc2 Be5 {is my game with Mamedyarov this time on the Whiteside of the board.})
5. d5 {The only independent move} ({from} 5. Nf3 {which brings the game back
to QID petrosian System's lines.}) 5... g6 $5 ({Planinc's choice is} 5... Bd6
6. Nf3 O-O 7. e4 (7. g3 c6) 7... exd5 8. exd5 c6 9. Be2 cxd5 10. cxd5 Na6 {
is not for everyone's taste.}) 6. g3 (6. e4 d6 7. Nf3 Bg7 8. Bd3 O-O 9. O-O Re8
$13) 6... Bg7 7. Bg2 O-O 8. Nh3 (8. Nf3 exd5 (8... c6 $5) 9. cxd5 c6 {is known.
}) 8... c6 $146 (8... exd5 9. O-O (9. cxd5 c5 $5) 9... c6 10. cxd5 c5 $5 {
are in the soul of Benoni.}) 9. O-O ({White's center is shaky after} 9. d6 $6
Qc8 10. O-O c5 11. e4 Nc6 12. f4 Nd4 $17) 9... cxd5 10. cxd5 Nxd5 11. Nxd5 Bxd5
12. Bxd5 exd5 13. Qxd5 Nc6 (13... Na6 $5 14. Rd1 Nc7 15. Qxd7 Ne6 $44) 14. Rd1
Re8 15. Nf4 {White has some serious initiative due to Black's backward pawn d7.
} Qf6 $2 ({The way to go is} 15... Rc8 16. Rb1 Nd4 17. Rxd4 $140 $2 (17. e3 Rc5
18. Qb7 Rc7 19. Qd5 Rc5 $11) 17... Rc5 18. Qd6 Be5) 16. Rb1 Rad8 17. b4 Ne7 18.
Qb5 $6 {All 3 other moves were better than the text.} (18. Qb7 Qc6 19. Qxa7 d5
20. Qa6 d4 $44) (18. Qb3 $1 d5 19. Bb2 d4 20. e3 Nf5 21. Ne2 Qg5 22. Nxd4 Nxd4
23. Bxd4 Bxd4 24. Rxd4 Rxd4 25. exd4 Qf5 $14) (18. Qd3 d5 19. Bb2 d4 20. e4 (
20. e3 Qc6)) 18... Qc6 19. Qd3 d5 20. Bb2 d4 21. Rbc1 Qb7 (21... Qa8 $142 $5 {
would not have allowed e4 for White}) 22. Rc2 (22. e4 $142 $1 $16) 22... Nf5
23. Qb3 Bh6 24. Ng2 Bg7 {Preparing for h5, I could not have seen anything else.
} (24... Qe4 25. Rc7 Re6 26. e3 $14) (24... b5 25. g4 Nd6 26. Bxd4 Nc4 27. Rd3
$13) (24... Re3 $4 25. fxe3 Nxe3 26. Nxe3 Bxe3+ 27. Qxe3) 25. Nf4 {The game
ended up in a draw by repetition when Dejan could not find anything better
either.} (25. Ne1 h5 $132) 25... Bh6 26. Ng2 Bg7 1/2-1/2

[Event "RUS-Cup03 Geller Memorial"]
[Site "Moscow"]
[Date "1999.02.14"]
[Round "5"]
[White "Dolinskij, Boris"]
[Black "Tosic, Miroslav"]
[Result "1-0"]
[WhiteElo "2376"]
[BlackElo "2517"]
[Annotator "Avrukh,B"]
[PlyCount "115"]
[EventDate "1999.02.10"]
[EventType "swiss"]
[EventRounds "9"]
[EventCountry "RUS"]
[SourceTitle "CBM 070"]
[Source "ChessBase"]
[SourceDate "1999.06.08"]
[SourceVersion "1"]
[SourceVersionDate "1999.06.08"]
[SourceQuality "1"]

1. d4 Nf6 2. c4 e6 3. Nf3 b6 4. g3 Bb7 5. Bg2 g6 6. O-O Bg7 7. Nc3 Ne4 8. Nxe4
Bxe4 9. Bg5 Qc8 (9... f6 $5 10. Be3 (10. Bf4) 10... O-O 11. b4 Qe7 12. Qd2 d6
13. Rfd1 (13. c5 $5) 13... Nd7 14. a4 {[%cal Ga4a5]} a5 15. b5 f5 $11 {1/2-1/2
Tunik,G-Panchenko,A/Moscow 1994/EXP 45 (23)}) 10. Qd2 h6 11. Bf4 {[%mdl 8]} (
11. Be3 d6 12. b4 Nd7 13. Rac1 Nf6 {[%cal Gf6g4]} 14. h3 Qb7 15. Rfd1 Rc8 (
15... Kf8 $2 16. g4 (16. b5 Kg8 17. c5 $5) 16... Kg8 17. Bf4 Rd8 18. Bg3 Kh7
19. Qf4 {[%cal Gg3h4]} g5 20. Qe3 Kg8 21. Bf1 Qa8 22. Nd2 Bb7 23. f3 $16 {
1-0 Naumkin,I-Gorbatow,A/Moscow 1991/TD 91\03 (37)}) 16. a4 (16. Bf1 b5 $1 17.
cxb5 {[%csl Gd5]} Qxb5 18. Bf4 Qb6 19. Qe1 Bxf3 20. exf3 Nd5 21. Bd2 O-O $15 {
0-1 Tosic,M-Nikolaidis,I/Ankara 1995/EXP 49 (47)}) 16... a6 17. Bf1 (17. b5 $1
$14) 17... b5 {[%csl Gd5]} 18. cxb5 axb5 19. a5 Nd5 20. Ne1 g5 21. Bg2 Bxg2 22.
Nxg2 f5 23. h4 Bf6 24. f3 Rg8 $132 {0-1 Ilincic,Z-Tosic,M/Budva 1996/EXP 53 
(36)}) 11... d6 (11... g5 $6 12. Be3 d6 13. Rac1 $36 {[%cal Gc4c5]}) 12. h4 $6
{too slow} (12. Rac1 $1 Nd7 13. b4 g5 (13... Qb7 14. c5 bxc5 15. dxc5 dxc5 16.
bxc5 Rd8 17. Rfd1 $16 {[%csl Ge8]} g5 $140 18. Be5 f6 19. Nxg5 $3 Bxg2 (19...
hxg5 20. c6 $18) 20. Nxe6 {with decisive attack for white}) 14. Be3 O-O 15. h4
$36) 12... Nd7 13. Rac1 Qb7 14. b4 Rd8 15. Rfd1 Nf6 16. Ne1 Bxg2 17. Nxg2 Ne4
18. Qe3 Nf6 {[%cal Ge8g8]} 19. Qd2 a6 {[%cal Gb6b5]} (19... Ne4 $11) 20. a4 Rd7
{[%csl Gc7][%cal Gb6b5,Ge6e5]} (20... b5 $6 21. axb5 axb5 22. cxb5 Nd5 23. e4
Nxf4 24. Qxf4 O-O 25. d5 $1 $36 Qxb5 $140 26. dxe6 fxe6 27. Qg4 {[%csl Re6,Rg6]
} Rf6 28. Nf4 h5 29. Qg5 $16) 21. Qc2 O-O 22. c5 dxc5 23. dxc5 Rxd1+ 24. Qxd1
Nd5 (24... bxc5 25. bxc5 (25. Rxc5 $2 Qxb4 26. Rxc7 Nd5 $17 {[%csl Gf4,Gg2]})
25... Qc6 {[%csl Ra4,Rc5]} 26. Be5 {[%cal Gd1d4]} Nd7 27. Bxg7 Kxg7 28. Nf4 Rb8
29. Qd4+ $1 e5 30. Qd5 Qxa4 31. c6 exf4 32. cxd7 Rd8 33. Rxc7 $11) 25. c6 Qc8
26. b5 (26. Qd2 Nxf4 27. Nxf4 Rd8 $11) 26... Nc3 (26... Rd8 27. Qb3 axb5 28.
axb5 e5 29. Bd2 Qe6 {with comfortable position for black}) 27. Qd3 Nxa4 $2 (
27... Rd8 $142 28. Qc4 Rd4 29. Qxc3 Rxf4 $1 (29... Rd1+ $2 30. Rxd1 Bxc3 31.
Rd7 axb5 32. axb5 e5 33. Bxh6 {[%csl Rc7][%cal Gg2e3,Ge3d5,Gh6g5] with winning
position for white}) 30. Qb3 Rd4 31. Rd1 axb5 32. axb5 Qd8 $11) 28. bxa6 Nc5
29. Rxc5 $1 {Very strong exchange sacrifice.The a-pawn is extremely dangerous
for black,but with help of series of only moves black manage to hold this
position.} (29. Qe3 Qxa6 (29... Nxa6 30. Bxh6 Nc5 31. Bxg7 Kxg7 32. Nf4 $40 {
[%cal Gh4h5]}) 30. Bxc7 Rc8 31. Bxb6 Na4 $11) 29... bxc5 30. Qb5 c4 $1 (30...
Rd8 31. a7 Qa8 32. Qb7 e5 33. Bd2 $18 {[%cal Gg2e3,Ge3d5]}) 31. Qxc4 Rd8 $8 32.
Be3 Rd1+ 33. Kh2 Ra1 34. a7 Qd8 35. Qb3 {[%cal Gb3b8]} (35. Qd3 $6 Qa8 $1 36.
Qb5 Rxa7 $11) 35... Kh7 (35... Bf8 36. f3 $1 (36. Nf4 Qd6 37. Qc2 e5 38. Nd3
Qd5 39. Nc1 $11) (36. Qb8 $140 $2 Qd1 37. g4 Qh1+ 38. Kg3 Rg1 $19) 36... Qd6
$140 (36... Kh7 $1) 37. Qb8 Qd1 (37... Qxc6 38. Bxh6 $18) 38. g4 {and white
wins}) 36. h5 Qd6 37. hxg6+ fxg6 38. Qc2 Qd5 39. f3 {[%cal Gg2f4]} Be5 $2 $138
{[%mdl 8192]} (39... Qh5+ 40. Nh4 Bf6 41. Qe4 e5 (41... Bxh4 42. gxh4 Qd5 43.
Qf4 $18) 42. Qd5 g5 43. Qd7+ Bg7 44. Qf5+ Kg8 45. Bf2 $16) (39... e5 $8 40. Nh4
Qd6 41. Qe4 Ra2 $1 {and we get the position of dynamic equality.The main
problem is,that white cannot to improve the position of the knight on h4,in
this case black will get enough counterplay for example:} 42. Bf2 Ra1 43. Ng2
Qd1 44. Ne1 Qc1) 40. Nh4 $18 {[%csl Rg6] Now after a terrible blunder on
39move black cannot to defend their position without any material losses,so
the game is over.} Bxg3+ 41. Kxg3 Qe5+ 42. Bf4 Qf6 43. Qd3 $1 {[%cal Gd3d7]}
Rxa7 44. Qd7+ Kg8 45. Bxc7 g5 46. Ng2 h5 47. Qd8+ Qxd8 48. Bxd8 Ra6 49. c7 Rc6
50. Ne1 Kf7 51. Nd3 Ke8 52. Ne5 Rc2 53. Ng6 {[%csl Gc8][%cal Gg6e7]} Kd7 54.
Ne7 Rxc7 55. Bxc7 Kxe7 56. f4 g4 57. Kh4 Kf6 58. e4 1-0

[Event "RUS-ch Superfinal"]
[Site "Moscow"]
[Date "2005.12.20"]
[Round "2"]
[White "Kramnik, Vladimir"]
[Black "Volkov, Sergey"]
[Result "1-0"]
[WhiteElo "2739"]
[BlackElo "2614"]
[Annotator "Babula,V"]
[PlyCount "81"]
[EventDate "2005.12.19"]
[EventType "tourn"]
[EventRounds "11"]
[EventCountry "RUS"]
[EventCategory "17"]
[SourceTitle "CBM 111"]
[Source "ChessBase"]
[SourceDate "2006.04.04"]
[SourceVersion "1"]
[SourceVersionDate "2006.04.04"]
[SourceQuality "1"]

{[%mdl 32]} 1. c4 Nf6 2. d4 c6 3. Bf4 {Volkov is a specialist in the Slav with
a7-a6, so Kramnik chooses a clever move order to avoid his opponent's known
positions.} Qb6 $5 {[%csl Rb2,Rd4] A natural answer, other options are} (3...
d5 4. e3 {- D10}) (3... d6) 4. Qd2 d5 {Black tends to the known structure.} ({
But a logical continuation of the previous move is} 4... Ne4 $5 5. Qc2 {
and now it deserves attention} d6 $5 {[%cal Ye7e5]} (5... d5 6. f3 e5 (6...
Qa5+ 7. Nd2 Nxd2 8. Bxd2 Qd8 9. e3 g6 10. Bd3 Bg7 11. Ne2 $14 {0-1
Chiburdanidze,M-Stefanova,A/Elista 2004/CBM 100 ext (55)}) 7. Bxe5 Qa5+ 8. Nc3
Nxc3 9. bxc3 dxc4 10. e4 b5 11. Ne2 $13 {1/2-1/2 Gelfand,B-Kramnik,V/Sanghi
Nagar 1994/CBM 042/[Gelfand] (76)}) (5... Qxd4 $4 6. e3 $18) {for example} 6.
f3 Nf6 7. Qd2 e5 8. Be3 (8. dxe5 $6 dxe5 9. Bxe5 Bc5 {[%cal Gb6g1]}) 8... Qa6
$132 {1/2-1/2 Zhukova,N-Stefanova,A/Krasnoturinsk 2004/CBM 103/[Wells] (19)})
5. Nc3 Bf5 6. f3 $5 {[%csl Ge4][%cal Yg2g4] A more ambitious move than the
normal} (6. e3) ({The double attack} 6. Bxb8 $6 Rxb8 7. Qf4 {[%csl Rb8,Rf5]
doesn't work because of easy} Rd8 8. Qxf5 $2 Qxb2 {[%csl Ra1,Rc3]}) 6... e6 ({
Black has no time to avoid the g2-g4 advance by} 6... h5 $6 {due to} 7. cxd5
cxd5 $2 (7... Nxd5 $142 8. Bg3 $5 $14) 8. Bxb8 Rxb8 9. e4 $1 $16 dxe4 $140 $2
10. Qf4 $18 Rd8 11. Qxf5 Qxb2 12. Qb5+ $1) 7. g4 Bg6 8. h4 h5 $5 ({Possible is
also} 8... h6 {, which keeps the knight on f6. The choice is a matter of taste.
}) 9. g5 Nfd7 {A key to Black's counterplay is the e6-e5 (or even c6-c5)
advance, from here the knight can support it.} ({Too passive is} 9... Ng8 $6
10. e4 $14 Bb4 $140 11. a3 Bxc3 12. Qxc3 dxe4 $6 13. d5 $1) 10. e3 Be7 11. Nh3
{[%csl Rg6,Rh5][%cal Yh3f4]} O-O 12. Bg3 {White has a space advantage, on the
other hand Black leads in development. To convert it to something real and to
get counterplay, Black needs generally to open the position.} Re8 $6 {And he
misses a good moment for it.} (12... e5 $142 $1 {with the complicated play,
for example} 13. cxd5 (13. dxe5 Bc5 14. Na4 (14. Bf4 $2 Nxe5 $1 $17 15. Bxe5
Bxe3 16. Qh2 Re8) 14... Bxe3 15. Nxb6 Bxd2+ 16. Kxd2 axb6 $11) 13... exd4 (
13... Bb4 $5 14. dxe5 cxd5 $13) 14. exd4 Bb4 $5 $13 (14... cxd5 $6 15. Nf4 $1
$14)) 13. Be2 $6 {White gives Black for nothing the chance again.} (13. Nf4
$142 $5 $14 e5 $140 $2 14. Nxg6 exd4 15. Nxe7+ Rxe7 16. Na4 $18 dxe3 17. Qc3
$18) 13... dxc4 $6 {And Black misses it over again!} (13... e5 $142 $1 14. cxd5
(14. dxe5 Bc5) 14... Bb4 $13) 14. Nf4 Bd6 15. Bxc4 $14 {Now Black has to
suffer under positional pressure.} Na6 (15... Bxf4 16. Bxf4 e5 17. dxe5 Nxe5
18. Bxe5 Rxe5 19. e4 (19. O-O-O $5 $14) 19... Nd7 20. O-O-O $14) (15... c5 $5
16. d5 $1 $14 (16. Nb5 $2 Bxf4 17. Bxf4 cxd4 $1 $36 18. Nc7 Nc6 $1 19. Nxa8
Rxa8)) 16. O-O-O $5 Rad8 17. e4 {[%csl Rg6] Closing the working diagonal of
the Bg6.} Nf8 18. Nxg6 Nxg6 (18... Bxg3 $2 19. Nxf8 Kxf8 20. g6 $16 {weakening
the Black's king} f6 21. f4) 19. f4 Qb4 20. Be2 {White's centre is well
protected and Black can't successfully attack it.} Bc5 (20... c5 21. e5 cxd4 (
21... Bf8 $2 22. d5 $16) 22. Qxd4 $14) 21. Bxa6 bxa6 (21... Rxd4 $4 22. Bd3 $18
) 22. Ne2 Qb7 $2 {Black keeps wrongly the queens on the board.} ({Without them
he can hope for some counterplay on the kingside, for example} 22... Qxd2+ $142
23. Rxd2 Bb6 24. Rhd1 f5 $1 25. gxf6 gxf6 26. Rc2 $14 f5 $140 27. Rxc6 fxe4 28.
d5) 23. Qc2 $16 Bb6 24. Kb1 Ne7 25. Bf2 g6 26. Ng3 $5 {[%csl Ge4] Kramnik
doesn't give his opponent any chance. He defends the e4 pawn and plans to
double his rooks on the d file.} (26. Rd3 c5 $5 27. dxc5 Qxe4) 26... Bc7 27.
Be3 Rd7 28. Rd3 Red8 29. Rhd1 a5 30. Ne2 Bb6 31. Ng1 $18 {[%cal Yg1f3,Yf3e5] A
strong maneouvre, after which Black can't resist for long.} Qa6 32. Nf3 Bc7 33.
Rc3 Qb7 34. Ne5 Bxe5 35. fxe5 Rc7 36. Rc5 Qb4 37. a3 Qb6 $6 38. d5 $1 {[%cal
Ge3b6] A small trick finishes the game.} exd5 39. Rcxd5 Qxe3 40. Rxd8+ Kg7 41.
Qd3 1-0

[Event "NED-ch55"]
[Site "Rotterdam"]
[Date "2000.05.18"]
[Round "10"]
[White "Van Wely, Loek"]
[Black "Bosboom, Manuel"]
[Result "1-0"]
[WhiteElo "2646"]
[BlackElo "2461"]
[Annotator "Blatny,P"]
[PlyCount "80"]
[EventDate "2000.05.07"]
[EventType "tourn"]
[EventRounds "11"]
[EventCountry "NED"]
[EventCategory "12"]
[SourceTitle "CBM 077"]
[Source "ChessBase"]
[SourceDate "2000.07.27"]
[SourceVersion "1"]
[SourceVersionDate "2000.07.27"]
[SourceQuality "1"]

1. d4 Nf6 2. c4 a6 3. Nc3 c5 4. dxc5 Qa5 (4... e6 5. Bf4 Bxc5 6. e3 d5 7. Nf3
O-O 8. a3 Nc6 9. cxd5 exd5 10. Be2 Be6 11. O-O $13 {1/2-1/2 Tisdall,J-Pyhala,A/
Arnold Cup Gausdal 1994/EXT 98 (34)}) 5. e4 Nc6 (5... e6 6. e5 Ne4 7. Qa4 Qxa4
8. Nxa4 Nc6 9. Be3 Nxe5 10. f3 Nf6 11. Nb6 Rb8 12. O-O-O Nc6 13. a3 $14 {
Raetsky Alexander-Bosboom Manuel/It (cat.3) Hafnarfjordur (Iceland) 1999/1/2-1/
2 (56)}) (5... e5 6. Qa4 Qxc5 7. Nf3 $14) 6. Qa4 Qxc5 7. Be3 Qb4 8. Qc2 (8.
Qxb4 Nxb4 9. Rc1 d6 $13 {[%csl Gb6,Rc4,Gc7,Yd5,Ge7][%cal Ra8c8,Rc8c4,Gc3d5,
Gd5c7,Gd5e7,Gd5b6,Rf6d5]}) 8... Ng4 9. Bf4 e5 (9... Nge5 10. a3 Qa5 11. Rd1 $14
) 10. Bg3 Qa5 {[%csl Ra2,Rc3][%cal Ra5a2,Ra5e1]} 11. a3 b5 (11... Bb4 12. Rc1
Bxc3+ 13. Qxc3 Qxc3+ 14. Rxc3 $14) 12. Qd1 (12. cxb5 $5 axb5 13. Rd1 Nd4 $13)
12... Nd4 (12... Nf6 $5 13. b4 Bxb4 (13... Qb6 14. c5 (14. cxb5 axb5 15. Nf3 (
15. Bxb5 Nxe4 $132) 15... Bb7 16. Bd3 $16) 14... Qb8 $13) 14. axb4 Qxb4 15. Qd2
bxc4 16. Nf3 $16) 13. Ra2 $5 {<->2} (13. Qxg4 $6 Nc2+ 14. Kd1 Nxa1 15. cxb5 d6
$36) 13... d6 14. b4 Qc7 15. Nd5 Qb7 (15... Qb8 16. Ne2 Nxe2 17. Qxe2 $5 $16 (
17. Bxe2 Nf6 18. Nxf6+ gxf6 19. cxb5 Be6 $16)) 16. cxb5 (16. Ne2 Nxe2 17. Bxe2
Nf6 18. cxb5 a5 $5 19. bxa5 Rxa5 20. Nxf6+ gxf6 $16) 16... axb5 (16... Nxb5 17.
Rc2 Be6 18. Bxb5+ axb5 19. Nc7+ Ke7 20. Bh4+ (20. Nxe6 $143 Qxe4+ 21. Ne2 Rxa3
$13 (21... fxe6 $143 22. f3 Qd5 23. fxg4 $16)) 20... Nf6 21. Bxf6+ gxf6 22.
Nxa8 Qxe4+ 23. Qe2 Qxa8 24. Nf3 $14 (24. Qxb5 $143 Qe4+ 25. Qe2 Qxg2 $17)) 17.
Nf3 (17. Ne2 $142 $5 Bd7 (17... Ne6 18. Nec3 $18) 18. Nxd4 exd4 19. Be2 $36)
17... Ne6 18. Bh4 (18. Rc2 Bd7 19. Qd3 $16) 18... Bd7 19. Rc2 (19. Qd3 Rc8 20.
h3 $14) 19... Rxa3 20. h3 Nh6 21. Be2 (21. Ng5 $142 Ra7 (21... Nxg5 22. Bxg5
$18 {/\Nc7}) 22. Qc1 Be7 23. Nxe6 fxe6 (23... Bxe6 $4 24. Bxb5+ Kf8 (24... Qxb5
25. Rc8+ Kd7 (25... Bxc8 26. Qxc8+ Bd8 27. Qxd8#) 26. Rc7+ $18) 25. Bxe7+ Kg8
26. Bxd6 $18) 24. Bxe7 exd5 25. Bxd6 Nf7 26. Rc7 $40) 21... Ng8 (21... Ra7 22.
O-O $13) 22. Qc1 Ra8 23. Ng5 (23. Rc7 Qa6 24. Ng5 Ne7 25. Nxe6 Nxd5 (25... fxe6
$4 26. Bh5+ g6 27. Nf6+ Kf7 28. Nxd7 $18) 26. exd5 fxe6 27. Rxd7 Rc8 (27...
Kxd7 $4 28. dxe6+ Kxe6 29. Bg4+ Kd5 30. O-O $18) 28. Rc7 $18) 23... Rb8 $2 (
23... Ne7 24. Nxe6 Nxd5 $13) 24. Nc7+ (24. O-O $5) 24... Nxc7 25. Rxc7 Rc8 (
25... Qa8 26. O-O f6 27. Rxd7 Kxd7 28. Nf7 $16) 26. Rxc8+ Qxc8 (26... Bxc8 27.
Bxb5+ Bd7 28. Bxd7+ Qxd7 $16) 27. Qxc8+ Bxc8 28. Bxb5+ $16 Ke7 29. Bc4 Nf6 30.
Nxf7 (30. Bxf7 h6 $1 31. Bg6 hxg5 32. Bxg5 d5 $132) 30... d5 (30... Rg8 31. Nh6
Rh8 32. Ng8+ Kd8 33. Bxf6+ gxf6 34. Nxf6 $18) 31. Bxd5 $1 $18 (31. Nxh8 $6 dxc4
32. Ke2 g5 33. Bxg5 Bg7 $18) 31... Rg8 32. Nxe5 Be6 33. Nc6+ Kd7 34. Bxe6+ Kxe6
35. f3 (35. Bxf6 gxf6 36. O-O Kd6 $18) 35... Kd6 (35... Bxb4+ 36. Ke2 Bc3 37.
Rc1 $18) 36. Nd4 Nh5 (36... Ke5 37. Nc2 $18) 37. Kd2 (37. O-O g5 38. Bf2 Bg7
$18) 37... Kd7 38. Kc3 Bd6 39. Rd1 Be5 40. Kb3 Rb8 (40... g5 41. Be1 $18) 1-0

[Event "Linares Anibal op 07th"]
[Site "Linares"]
[Date "2000.01.11"]
[Round "5"]
[White "Zvjaginsev, Vadim"]
[Black "Rashkovsky, Nukhim N"]
[Result "1-0"]
[WhiteElo "2652"]
[BlackElo "2513"]
[Annotator "Blatny,P"]
[PlyCount "81"]
[EventDate "2000.01.07"]
[EventType "swiss"]
[EventRounds "10"]
[EventCountry "ESP"]
[SourceTitle "CBM 075"]
[Source "ChessBase"]
[SourceDate "2000.04.05"]
[SourceVersion "1"]
[SourceVersionDate "2000.04.05"]
[SourceQuality "1"]

1. Nf3 Nf6 2. c4 b6 3. Nc3 Bb7 4. d4 Bxf3 (4... g6 5. d5 Bg7 6. e4 O-O 7. Be2
c5 8. O-O d6 9. Bf4 Nbd7 10. Qd2 Ne8 11. Rad1 a6 12. h3 Qc7 13. a4 Rd8 14. Rfe1
$14 {Ribli,Z-Sahovic,D/Bled/Portoroz 1979/MCL/1-0 (44)}) (4... d6 5. Bf4 g6 6.
e3 Bg7 7. Be2 Nbd7 8. O-O Nh5 9. Bg5 h6 10. Bh4 g5 11. Ne1 Nhf6 12. Bg3 h5 13.
h3 Nf8 14. Nc2 Qd7 15. Bf3 c6 16. d5 c5 17. e4 g4 18. hxg4 hxg4 19. Be2 Ng6
$132 {1/2-1/2 Grassl,A-Sotter,P/Bayern-ch-B 1984/EXT 99 (34)}) 5. gxf3 c5 6. d5
(6. b3 cxd4 7. Qxd4 Nc6 8. Qd2 e6 9. e3 Be7 10. Bb2 O-O 11. Bg2 d5 12. f4 Rc8
13. cxd5 exd5 14. O-O d4 15. Nb5 dxe3 {Ftacnik,L-Peresipkin,V/Tatran Cup 1978/
EXT 98/1/2-1/2 (45)}) 6... d6 7. Bg5 h6 8. Bd2 (8. Bxf6 gxf6 9. Qa4+ $14) 8...
e5 (8... g6 9. Bg2 $11) 9. dxe6 fxe6 10. Bh3 $1 Kf7 11. Qc2 Nc6 12. O-O-O $36 (
12. Rg1 Ne7 $14) 12... Nd4 13. Qd3 a6 14. Be3 b5 15. Bxd4 $11 (15. Rhg1 bxc4
16. Qg6+ Ke7 17. Bxd4 cxd4 18. Rxd4 d5 19. Bxe6 Kxe6 20. Nxd5 Qxd5 21. Rxd5
Kxd5 22. e4+ $18) 15... cxd4 16. Qxd4 bxc4 17. e4 Qc7 18. f4 $1 e5 19. Qe3 Be7
20. Rhg1 exf4 (20... g6 21. Qg3 Rhg8 22. Nd5 $40) 21. Qxf4 g5 22. Qf5 Qc8 (
22... Rab8 $5) 23. Qxc8 Rhxc8 24. Bxc8 Rxc8 25. Nd5 Nxd5 (25... c3 26. bxc3
Nxd5 27. Rxd5 Rxc3+ 28. Kd1 $18) 26. Rxd5 Ke6 27. f4 Bf6 (27... gxf4 28. Rg6+
Kd7 29. Rxh6 $18) 28. f5+ Ke7 29. Rg3 Rb8 30. b3 Rc8 (30... Be5 31. Rh3 $1) 31.
b4 c3 32. Rg2 Rc4 33. a3 Rxe4 34. Ra5 Be5 35. Rxa6 Kf7 (35... Rh4 36. b5 Bxh2
37. b6 Bf4+ 38. Kc2 $18) 36. b5 Re1+ 37. Kc2 Ra1 38. Re2 $1 Kf6 39. b6 Ra2+ 40.
Kd3 Ra1 (40... Rb2 41. Rxb2 cxb2 42. Kc2 $18) 41. Ra4 (41. Ra4 Bf4 42. b7 $18)
1-0

[Event "Elgoibar 09th"]
[Site "Elgoibar"]
[Date "1999.??.??"]
[Round "8"]
[White "Izeta Txabarri, Felix"]
[Black "Sanz Alonso, Francisco Javier"]
[Result "1-0"]
[WhiteElo "2505"]
[BlackElo "2435"]
[Annotator "Blatny,P"]
[PlyCount "61"]
[EventDate "1999.11.??"]
[EventType "tourn"]
[EventRounds "9"]
[EventCountry "ESP"]
[EventCategory "9"]
[SourceTitle "CBM 075"]
[Source "ChessBase"]
[SourceDate "2000.04.05"]
[SourceVersion "1"]
[SourceVersionDate "2000.04.05"]
[SourceQuality "1"]

{[%mdl 8192]} 1. d4 Nf6 2. Nf3 a6 3. c4 b5 $5 {[%csl Rc4][%cal Rc8b7,Rb7h1,
Rb5c4] The white pawn centre is a target of the early wing pawn attack,
however, white pieces may still develop in an optimal way without additional
problems.} 4. e3 {[%csl Gb5][%cal Gc4b5,Gf1b5]} (4. Nbd2 {/\Nc4-e5 [+]} bxc4 5.
Nxc4 e6 6. g3 Bb7 7. Bg2 Be7 8. O-O O-O 9. Bf4 Bd5 10. Rc1 $14 {Shirov,
A-Fedorowicz,J/Groningen 1990/CBM 21/[Schussler]/1-0 (51)}) 4... c6 (4... bxc4
5. Bxc4 d5 6. Bd3 Bg4 7. h3 Bh5 8. Qa4+ $36 Qd7 9. Qb3 Bxf3 10. Qb7 Bxg2 11.
Rg1 Bxh3 12. Qxa8 Qc8 13. Nc3 Bd7 14. Nxd5 {Annakov,B-Batsanin,D/Moscow IM1
1996/EXT 2000/1-0 (64)}) 5. b3 (5. Nbd2 g6 6. a4 bxc4 7. Nxc4 d5 8. Nce5 Bg7 9.
a5 $14 {><b6,Pc6, 1-0 Geissler,R-Kunze,K/GER CupT 1991/TD (40)}) 5... g6 6.
Nbd2 Bg7 (6... d5 7. Bd3 $14) 7. a4 bxc4 (7... b4 8. Bd3 {()}) 8. Nxc4 {
[%csl Ga5,Gb6,Gc5,Gd4,Ge5][%cal Gc4b6,Gc4e5,Ga4a5,Ga5b6,Gf3e5]} d6 {[%csl Rc5,
Rd6,Re5]} (8... d5 9. Nce5 c5 $6) 9. a5 Nbd7 10. Be2 O-O (10... Bb7 11. Bb2 $14
) 11. O-O Bb7 12. Bb2 c5 $5 {[%csl Rd4][%cal Gb2d4,Gf3d4,Rc5d4,Rg7d4,Rf6e4,
Rb7e4]} 13. dxc5 Nxc5 14. b4 Ncd7 15. Qa4 Nd5 $6 {+/=/+/-} (15... Rc8 16. Rfc1
$14) 16. Bxg7 Kxg7 17. Rfc1 Qe8 18. Qa3 Kg8 19. h3 Qb8 20. Rab1 Rc8 21. Nd4 {
[%csl Gb5][%cal Gb4b5,Gd4b5,Gb1b4] White increases the queen side pressure and
plans b5 in the right moment.} (21. Ncd2 N7f6 $14) 21... Rc7 (21... e5 22. Nb3
$11) 22. Qb2 (22. b5 axb5 23. Nxb5 Rc5 $14) 22... Qc8 (22... e5 $142 $5) 23. b5
$1 axb5 24. Nxb5 (24. Qxb5 $6 N5f6 25. Nb3 Ba6 $11) 24... Rc6 25. Nd4 $6 (25.
Nbxd6 $1 exd6 26. Qxb7 $16) 25... Rc7 26. Nb5 (26. e4 $5 Nf4 27. Nxd6 exd6 28.
Rxc7 Qxc7 29. Qxb7 $14) 26... Rc6 27. Nd4 Rc7 28. Nb6 N5xb6 29. axb6 (29. Rxc7
Qxc7 30. axb6 Qd8 {+/=/=}) 29... Rc5 30. Bg4 Ra6 $4 (30... h5 $142 31. Bxd7
Qxd7 $11) (30... e5 $142 $5) 31. Ne6 $3 $18 (31. Ne6 Rxc1+ (31... fxe6 32.
Bxe6+ Kf8 33. Qh8#) (31... f6 32. Nxc5 dxc5 33. Be6+ Kh8 34. Qb5 $18) 32. Rxc1
Qxc1+ 33. Qxc1 Rxb6 34. Qc7 $18) 1-0